banner-ar

سياسات التطوير الادارى بالمملكة العربية السعودية : (Record no. 34616)

MARC details
000 -الفاتح
حقل البيانات ثابتة الطول 00772nam a2200181Ia 4500
008 - عناصر البيانات ثابتة الطول - معلومات عامة
حقل البيانات ثابتة الطول 140319s9999 xx 000 0 ara d
040 ## - مصدر الفهرسة
وكالة الفهرسة الأصلية GCL /
وكالة النسخ GCL
082 04 - رقم تصنيف ديوى العشرى
رقم التصنيف 658.401531
رقم المادة ع س
100 1# - المدخل الرئيسى - إسم شخصى
الإسم الشخصى على ناصر شتوى آل زاهر
245 10 - بيان العنوان
العنوان سياسات التطوير الادارى بالمملكة العربية السعودية :
بقية العنوان دراسة تحليلية من خلال المداخل الرئيسية للتنمية الادارية /
بيان المسئوليه,etc على ناصر شتوى آل زاهر
260 ## - PUBLICATION, DISTRIBUTION, ETC. (IMPRINT)
تاريخ النشر أو التوزيع 2000
300 ## - الوصف المادى
التعداد 384 ص ؛
أبعاد الوعاء 24 سم
490 ## - بيان السلسلة
عنوان السلسلة
650 04 - المدخل الاضافى بالموضوع-مصطلح موضوعى
مصطلح موضوعي الادارة العامة
650 04 - المدخل الاضافى بالموضوع-مصطلح موضوعى
مصطلح موضوعي السعودية - التنمية الادارية
942 ## - عناصر المدخل الإضافي( كوها)
مصدر التصنيف او مخطط الترفيف Dewey Decimal Classification
Koha [default] item type كتاب
260 ## - PUBLICATION, DISTRIBUTION, ETC. (IMPRINT)
-- الرياض :
-- جامعة الملك عبدالعزيز ،
Holdings
حالة التراجع حالة الفقد حالة تلف ليس للاعارة المكان المؤقت الموقع الحالى تاريخ الاكتساب اجمالي اﻻعارات رقم الطلب الباركود تاريخ اخر مشاهدة تاريخ تفعيل السعر نوع وعاء كوها
        مكتبة القاهرة الكبرى مكتبة القاهرة الكبرى 03/26/2014   658.401531\ع س 82898 03/26/2014 03/26/2014 كتاب
        مكتبة القاهرة الكبرى مكتبة القاهرة الكبرى 03/26/2014   658.401531\ع س 82899 03/26/2014 03/26/2014 كتاب

Powered By

EGPV